| 000 | 00988cam a2200193 4500 | ||
|---|---|---|---|
| 001 | ABS66322 | ||
| 008 | 030120n2003 000 0 eng u | ||
| 035 | _a(Sirsi) u121072 | ||
| 100 | _aJeynes, J. | ||
| 245 | 4 | _aThe way ahead | |
| 260 | _c2003 | ||
| 490 |
_aFire Engineers' Journal _vJanuary 2003, 30-31(2) |
||
| 520 | _aOutlines the impact on small firms of the planned changes in the fire safety regime, which come into force in England and Wales in spring 2004. Concludes that the new "Regulatory Reform (Fire Safety) Order" will help to erase some of the confusion which has arisen over multiple regulatory regimes, which often have conflicting requirements, especially for small organisations. States that guidance on the new regulations would be welcome so that the new regime will be readily accepted. | ||
| 590 | _aABS | ||
| 650 | _aMANAGEMENT-HEALTH AND SAFETY-FIRE SAFETY | ||
| 650 | _aRISK MANAGEMENT | ||
| 690 | _aBUILT ENVIRONMENT-BUILDING STANDARDS | ||
| 942 | _n0 | ||
| 999 |
_c71941 _d71941 |
||